Southville International School and Colleges
Your cart is empty.
  • Cart
  • Lists
    Public lists list_1 View all
    Your lists Log in to create your own lists
  • Log in to your account
  • Your cookies
  • Search history
Southville International School and Colleges
  • Advanced search
  • Recent comments
  • Most popular
  • Libraries

Log in to your account

Log in with GOOGLE


If you do not have an external account, but do have a local account, you can still log in:

  1. Home
  2. MARC view: Simple science feeding.
Normal view MARC view ISBD view

Simple science feeding. (Record no. 105125)

[ view plain ]
MARC details
000 -LEADER
fixed length control field 00463nam a2200157 a 4500
005 - DATE AND TIME OF LATEST TRANSACTION
control field 20140412111341.0
008 - FIXED-LENGTH DATA ELEMENTS--GENERAL INFORMATION
fixed length control field 031016s19uu xx 00 eng d
050 ## - LIBRARY OF CONGRESS CALL NUMBER
Classification number M 600
Item number Si41 19_?
245 ## - TITLE STATEMENT
Title Simple science feeding.
260 ## - PUBLICATION, DISTRIBUTION, ETC. (IMPRINT)
Place of publication, distribution, etc Tokyo :
Name of publisher, distributor, etc Froebel-kan Co., Ltd,
Date of publication, distribution, etc [n.d.]
300 ## - PHYSICAL DESCRIPTION
Extent [16] p. ; ill.
650 ## - SUBJECT ADDED ENTRY--TOPICAL TERM
Topical term or geographic name as entry element Science--Juvenile literature
650 ## - SUBJECT ADDED ENTRY--TOPICAL TERM
Topical term or geographic name as entry element Animals--Juvenile literature
650 ## - SUBJECT ADDED ENTRY--TOPICAL TERM
Topical term or geographic name as entry element Simple machines--Juvenile literature
Holdings
Withdrawn status Lost status Damaged status Use restrictions Home library Current library Shelving location Date acquired Source of acquisition Cost, normal purchase price Total Checkouts Full call number Barcode Date last seen Price effective from Koha item type
        Elizalde Library Elizalde Library Main Section 10/16/2003   71.50   M 600 Si41 19_? E9454 04/12/2014 04/12/2014 Books

Simple science feeding.

APA

Simple science feeding. Tokyo: Froebel-kan Co., Ltd.

Chicago

Simple science feeding. Tokyo: Froebel-kan Co., Ltd.

Harvard

Simple science feeding. Tokyo: Froebel-kan Co., Ltd.

MLA

Tokyo: Froebel-kan Co., Ltd. .

  • Place hold
  • Print
  • Cite
  • Add to your cart (remove)
  • Save record
    BIBTEX Dublin Core MARCXML MARC (non-Unicode/MARC-8) MARC (Unicode/UTF-8) MARC (Unicode/UTF-8, Standard) MODS (XML) RIS
  • More searches
    Search for this title in:
    Other Libraries (WorldCat) Other Databases (Google Scholar) Online Stores (Bookfinder.com) Open Library (openlibrary.org)

Exporting to Dublin Core...

SOUTHVILLE LIBRARY

Southville International School and Colleges Library

1281 Tropical Ave. Cor. Luxembourg St., BF Homes International, Las Pinas City

Tel. No. 8256374 / 252358 Loc. 117/146

Powered by Koha